=LDR 00000nam 2200000 4500 =001 INLIS000000000056055 =005 20200825102456 =035 ##$$a 0010-0820000196 =007 ta =008 200825################g##########0#ind## =082 ##$$a 2x7.2 =084 ##$$a 2x7.2 FIR p =100 #$$a Firdaus A,N =245 1#$$a Pesan-pesan islam /$c Oleh K.H. Firdaus A,N =250 ##$$a cet. 1 =260 ##$$a Jakarta :$b Pedoman Ilmu Jaya,$c 1994 =300 ##$$a xxii, 162 hlm. : $b ilus ; $c 21 x 15 cm. =600 #4$$a Dakwah Islam =990 ##$$a 119.342/pro-97 =990 ##$$a 121.404/pro-97